[Event "TUR-chT 1st League"]
[Site "Ankara"]
[Date "2025.07.18"]
[Round "7.9"]
[White "Uysal, Burak"]
[Black "Ceyhan, Mert"]
[Result "1/2-1/2"]
[WhiteElo "2202"]
[BlackElo "2220"]
[PlyCount "63"]
[EventDate "2025.07.14"]
[EventType "team-swiss"]
[EventRounds "9"]
[EventCountry "TUR"]
[SourceTitle "CB30_2025"]
[SourceDate "2025.07.23"]
[SourceVersion "1"]
[SourceVersionDate "2025.07.23"]
[SourceQuality "1"]
[WhiteTeam "Besiktas Jimnastik"]
[BlackTeam "Samandag Altin"]
[WhiteTeamCountry "TUR"]
[BlackTeamCountry "TUR"]

1. e4 c5 2. Nf3 g6 3. d4 cxd4 4. Nxd4 Nc6 5. c4 Nf6 6. Nc3 d6 7. Nc2 Bg7 8. Be2 0-0 9. 0-0 Nd7 10. Bd2 a5 11. b3 Nc5 12. Be1 Be6 13. Rc1 Qb6 14. Ne3 Bxc3 15. Bxc3 Nxe4 16. Ba1 Nb4 17. Bd3 Nc5 18. Bb1 Rad8 19. Qd4 f6 20. Nd5 Nxd5 21. cxd5 Bf7 22. Rfe1 Rfe8 23. Rc3 Nd7 24. Qh4 Bxd5 25. Rh3 Nf8 26. Bxg6 hxg6 27. Qh8+ Kf7 28. Rh7+ Nxh7 29. Qxh7+ Kf8 30. Qh6+ Kf7 31. Qh7+ Kf8 32. Qh6+ 1/2-1/2

[Event "Vojvodina op 15th"]
[Site "Novi Sad"]
[Date "2025.07.02"]
[Round "9"]
[White "Uysal, Burak"]
[Black "Popchev, Milko"]
[Result "0-1"]
[WhiteElo "2162"]
[BlackElo "2157"]
[PlyCount "154"]
[EventDate "2025.06.25"]
[EventType "swiss"]
[EventRounds "9"]
[EventCountry "SRB"]
[SourceTitle "CB27_2025"]
[SourceDate "2025.07.02"]
[SourceVersion "1"]
[SourceVersionDate "2025.07.02"]
[SourceQuality "1"]

1. e4 b6 2. d4 Bb7 3. Bd3 Nc6 4. c3 e5 5. d5 Nce7 6. Nf3 Ng6 7. h4 h5 8. Bg5 Nf6 9. Nbd2 Be7 10. Nh2 c6 11. c4 Ng8 12. Bxe7 Qxe7 13. g3 Nf6 14. a3 d6 15. Ndf1 Qc7 16. Ne3 Ne7 17. Nf3 Bc8 18. Ng5 Ng4 19. Nxg4 Bxg4 20. Be2 Bxe2 21. Qxe2 Ng6 22. 0-0 Nf8 23. Rad1 f6 24. Nf3 Rc8 25. Qd2 Ng6 26. Rc1 c5 27. Ne1 Qd7 28. Kh2 Kf7 29. Rc3 b5 30. Ng2 Rb8 31. Ne3 b4 32. axb4 Rxb4 33. Ra1 Rhb8 34. Rca3 R8b7 35. R1a2 Ne7 36. Qc2 g6 37. Kg2 Kg7 38. Ra4 Qc7 39. Rxb4 Rxb4 40. Ra4 Qb6 41. Rxb4 Qxb4 42. Kf1 a5 43. Ke2 a4 44. Nd1 f5 45. f3 fxe4 46. fxe4 Ng8 47. Qc3 Nf6 48. Kd3 Qb7 49. Nf2 Qf7 50. Qc2 Qd7 51. Qe2 Qa7 52. Qd1 a3 53. Qa1 a2 54. Nd1 Ng4 55. Nc3 Qf7 56. Qxa2 Qf1+ 57. Kd2 Qf2+ 58. Kc1 Ne3 59. Qb3 Qe1+ 60. Nd1 Nxd1 61. Qxd1 Qxe4 62. Qb3 Kf6 63. Kd2 Qd4+ 64. Ke2 e4 65. Qc2 Kf5 66. Kf1 Qd3+ 67. Qe2 Qxg3 68. b4 cxb4 69. Qa2 Qf3+ 70. Kg1 e3 71. Qb1+ Kf4 72. Qxb4 Qf2+ 73. Kh1 Qxh4+ 74. Kg2 Qg3+ 75. Kh1 Kf3 76. Qb2 Qe1+ 77. Kh2 Qd2+ 0-1

[Event "Vojvodina op 15th"]
[Site "Novi Sad"]
[Date "2025.07.01"]
[Round "8"]
[White "Prokhorov, Ivan"]
[Black "Uysal, Burak"]
[Result "1/2-1/2"]
[WhiteElo "2121"]
[BlackElo "2162"]
[PlyCount "109"]
[EventDate "2025.06.25"]
[EventType "swiss"]
[EventRounds "9"]
[EventCountry "SRB"]
[SourceTitle "CB27_2025"]
[SourceDate "2025.07.02"]
[SourceVersion "1"]
[SourceVersionDate "2025.07.02"]
[SourceQuality "1"]

1. d4 Nf6 2. Nf3 c5 3. dxc5 e6 4. g3 Bxc5 5. Bg2 d5 6. 0-0 Nc6 7. c4 d4 8. Bf4 0-0 9. Nbd2 Nh5 10. Nb3 Nxf4 11. gxf4 Qd6 12. Rc1 Rb8 13. Nxc5 Qxc5 14. b4 Qxb4 15. Nxd4 Bd7 16. Nb3 Rfd8 17. Qe1 Qa3 18. Qc3 Be8 19. Bf3 Ra8 20. Rfd1 Rxd1+ 21. Rxd1 a5 22. Qa1 Qb4 23. Qc1 Rc8 24. Qd2 Rd8 25. Qc1 Rc8 26. Qd2 Rd8 27. Qc1 Rxd1+ 28. Qxd1 Qxc4 29. Bxc6 Qxc6 30. Nxa5 Qc7 31. Qd2 h6 32. f3 b6 33. Nb3 Bc6 34. Qc3 Qd6 35. Qd4 Qxd4+ 36. Nxd4 Bd7 37. Kf2 Kf8 38. e4 Ke7 39. e5 Kd8 40. Ke3 Kc7 41. Kd3 b5 42. Kc3 Kb6 43. Kb4 g6 44. h4 Bc6 45. a3 Bd7 46. Ne2 Be8 47. Nc3 Bc6 48. Ne4 Bxe4 49. fxe4 h5 50. Kc3 Kc5 51. Kd3 Kc6 52. Kc3 Kc5 53. Kd3 Kb6 54. Kc3 Kc5 55. Kd3 1/2-1/2

[Event "Vojvodina op 15th"]
[Site "Novi Sad"]
[Date "2025.06.26"]
[Round "2"]
[White "Dal, Emir Saygin"]
[Black "Uysal, Burak"]
[Result "1/2-1/2"]
[WhiteElo "1994"]
[BlackElo "2162"]
[PlyCount "153"]
[EventDate "2025.06.25"]
[EventType "swiss"]
[EventRounds "9"]
[EventCountry "SRB"]
[SourceTitle "CB27_2025"]
[SourceDate "2025.07.02"]
[SourceVersion "1"]
[SourceVersionDate "2025.07.02"]
[SourceQuality "1"]

1. d4 d5 2. Bf4 c5 3. e3 cxd4 4. exd4 Nc6 5. c3 Bf5 6. Nd2 e6 7. Ngf3 Nge7 8. Be2 Ng6 9. Bg3 h5 10. h4 Bd6 11. Nf1 Nf4 12. Bxf4 Bxf4 13. Bd3 Qf6 14. Bxf5 Qxf5 15. Ne3 Qf6 16. Qe2 0-0-0 17. 0-0-0 Kb8 18. Kb1 Rc8 19. Nc2 Na5 20. g3 Bd6 21. Nd2 Qg6 22. Rhg1 Rc7 23. Qb5 Nc6 24. Nb3 Qf6 25. Qe2 Qf5 26. Rd2 Rcc8 27. Re1 g5 28. hxg5 Qxg5 29. Rd3 h4 30. gxh4 Rxh4 31. Nd2 Qg6 32. Nf3 Re4 33. Re3 Rg4 34. Rh1 Rg8 35. Nfe1 Na5 36. Reh3 Nc4 37. b3 Re4 38. Qd3 Nb6 39. Rh8 Rg4 40. Rxg8+ Qxg8 41. Kb2 Rg1 42. Qh7 Nd7 43. Nf3 Nf6 44. Qh4 Rxh1 45. Qxh1 Ne4 46. Qh4 Bc7 47. c4 Bd8 48. Qf4+ Bc7 49. Qh4 Bd8 50. Qf4+ Bc7 51. Qh4 Qd8 52. Qh7 Nxf2 53. Qxf7 dxc4 54. bxc4 Nd3+ 55. Kc3 Nf4 56. Kb2 a6 57. Nd2 Qd6 58. Nb3 Qc6 59. Qf8+ Ka7 60. Qc5+ Qxc5 61. Nxc5 Bd6 62. Ne4 Be7 63. Kc3 b5 64. c5 Nd5+ 65. Kb3 a5 66. a4 Ka6 67. axb5+ Kxb5 68. Na3+ Kc6 69. Ka4 Ne3 70. Nc3 Bf6 71. Ncb5 Bd8 72. Na7+ Kd5 73. N3b5 Nf5 74. c6 Nxd4 75. c7 Bxc7 76. Nxc7+ Kc4 77. Nxe6 1/2-1/2

[Event "Istanbul op"]
[Site "Istanbul"]
[Date "2023.08.27"]
[Round "2"]
[White "Ozsakallioglu, Okan"]
[Black "Uysal, Burak"]
[Result "1-0"]
[WhiteElo "2326"]
[BlackElo "2170"]
[PlyCount "69"]
[EventDate "2023.08.26"]
[EventType "swiss"]
[EventRounds "9"]
[EventCountry "TUR"]
[SourceTitle "CBM 216 Extra"]
[Source "ChessBase"]
[SourceDate "2023.11.30"]
[SourceVersion "1"]
[SourceVersionDate "2023.11.30"]
[SourceQuality "1"]

1. Nf3 d5 2. g3 Nf6 3. Bg2 e6 4. 0-0 Be7 5. d3 0-0 6. Nbd2 c5 7. e4 Nc6 8. Re1 Qc7 9. Qe2 h6 10. e5 Nh7 11. c4 d4 12. Nf1 a6 13. h4 b5 14. b3 Bd7 15. h5 Rfb8 16. N1h2 a5 17. Ng4 a4 18. Bf4 b4 19. Rab1 axb3 20. axb3 Rb6 21. Qd2 Rba6 22. Bxh6 gxh6 23. Nxh6+ Kf8 24. Qf4 f5 25. g4 Nd8 26. gxf5 exf5 27. Nxf5 Bxf5 28. Qxf5+ Kg7 29. e6 Bf6 30. Qg6+ Kh8 31. Qe8+ Kg7 32. Re4 Nxe6 33. Rg4+ Neg5 34. Nxg5 Bxg5 35. Bxa8 1-0

[Event "TUR-chT"]
[Site "Ankara"]
[Date "2022.08.26"]
[Round "12.4"]
[White "Selbes, Tarik"]
[Black "Uysal, Burak"]
[Result "1-0"]
[WhiteElo "2255"]
[BlackElo "2166"]
[PlyCount "179"]
[EventDate "2022.08.16"]
[EventType "team-tourn"]
[EventRounds "13"]
[EventCountry "TUR"]
[SourceTitle "CBM 209 Extra"]
[Source "ChessBase"]
[SourceDate "2022.09.30"]
[SourceVersion "1"]
[SourceVersionDate "2022.09.30"]
[SourceQuality "1"]
[WhiteTeam "Tas Duvar"]
[BlackTeam "Darassufaka Spor"]
[WhiteTeamCountry "TUR"]
[BlackTeamCountry "TUR"]

1. e4 e5 2. Nf3 Nc6 3. Bb5 a6 4. Ba4 Nf6 5. 0-0 Be7 6. d3 b5 7. Bb3 d6 8. c3 0-0 9. Re1 Na5 10. Bc2 c5 11. Nbd2 Nc6 12. a4 Be6 13. Nf1 Qc7 14. Ne3 Rad8 15. axb5 axb5 16. Ng5 Bc8 17. Nd5 Nxd5 18. exd5 Bxg5 19. Bxg5 Ne7 20. Bxe7 Qxe7 21. d4 Bb7 22. Qd3 g6 23. dxc5 dxc5 24. Ra7 Ra8 25. d6 Qd7 26. Rxa8 Rxa8 27. h3 c4 28. Qd2 Ra6 29. Rxe5 Rxd6 30. Qe3 Re6 31. Rxe6 fxe6 32. h4 Qd5 33. f3 Kg7 34. Kf2 Qd8 35. Ke2 Bd5 36. h5 gxh5 37. Qa7+ Kf8 38. Qxh7 Qg5 39. Qg6 Qe5+ 40. Kf2 b4 41. Qh6+ Ke7 42. f4 Qd6 43. Qg7+ Kd8 44. Qd4 bxc3 45. bxc3 h4 46. Qh8+ Kc7 47. Qh7+ Kc8 48. Qxh4 Qb6+ 49. Ke2 Qg1 50. Qh8+ Kb7 51. Qh7+ Kb6 52. Be4 Qc1 53. Bxd5 Qb2+ 54. Kf1 Qc1+ 55. Kf2 Qd2+ 56. Kg1 Qe3+ 57. Kh2 exd5 58. Qg6+ Ka5 59. Qd6 Qxc3 60. Qxd5+ Kb4 61. Qd6+ Kb3 62. f5 Qe1 63. Qb6+ Ka2 64. Qa6+ Kb3 65. Qb5+ Ka3 66. Qxc4 Qe5+ 67. Kg1 Qxf5 68. g4 Qf3 69. Kh2 Kb2 70. Qb5+ Ka1 71. Qe5+ Ka2 72. Qg3 Qf7 73. Kg1 Qg6 74. Kg2 Ka1 75. Qe5+ Ka2 76. Kf3 Qc6+ 77. Kg3 Qh1 78. Qe2+ Ka1 79. Qg2 Qe1+ 80. Qf2 Qe5+ 81. Kh3 Qh8+ 82. Kg2 Qe5 83. Qg1+ Ka2 84. Qh2 Qg5 85. Kf3+ Kb3 86. Qf4 Qh4 87. g5 Qh5+ 88. Ke3 Kc2 89. Qc4+ Kb1 90. Qf1+ 1-0

[Event "TUR-chT"]
[Site "Konya"]
[Date "2019.07.24"]
[Round "8.7"]
[White "Uysal, Burak"]
[Black "Heberla, Bartlomiej"]
[Result "1/2-1/2"]
[WhiteElo "2228"]
[BlackElo "2534"]
[PlyCount "29"]
[EventDate "2019.07.17"]
[EventType "team-tourn"]
[EventRounds "13"]
[EventCountry "TUR"]
[SourceTitle "CBM 191 Extra"]
[Source "ChessBase"]
[SourceDate "2019.09.30"]
[SourceVersion "1"]
[SourceVersionDate "2019.09.30"]
[SourceQuality "1"]
[WhiteTeam "Tarsus Zeka"]
[BlackTeam "Turk Hava Yollari"]
[WhiteTeamCountry "TUR"]
[BlackTeamCountry "TUR"]

1. d4 d5 2. c4 e6 3. Nc3 Nf6 4. cxd5 exd5 5. Bg5 c6 6. e3 Bd6 7. Bd3 0-0 8. Qc2 h6 9. Bh4 Re8 10. Nge2 a5 11. h3 Na6 12. a3 Nc7 13. 0-0 Ne6 14. Rad1 Ng5 15. f4 1/2-1/2

[Event "Djenovici TS12 IM"]
[Site "Djenovici"]
[Date "2018.12.23"]
[Round "9"]
[White "Uysal, Burak"]
[Black "Om, Kharola"]
[Result "0-1"]
[WhiteElo "2247"]
[BlackElo "2080"]
[PlyCount "58"]
[EventDate "2018.12.15"]
[EventType "tourn"]
[EventRounds "9"]
[EventCountry "MNE"]
[EventCategory "1"]
[SourceTitle "CBM 187 Extra"]
[Source "ChessBase"]
[SourceDate "2018.11.04"]
[SourceVersion "1"]
[SourceVersionDate "2018.11.04"]
[SourceQuality "1"]

1. e4 e5 2. Nf3 Nc6 3. Bb5 a6 4. Bxc6 dxc6 5. 0-0 Bg4 6. h3 h5 7. d3 Qf6 8. Be3 Bxf3 9. Qxf3 Qxf3 10. gxf3 Bd6 11. Nd2 Ne7 12. Rfb1 f5 13. b4 a5 14. a3 f4 15. Bc5 b5 16. a4 axb4 17. Bxb4 Kd7 18. a5 g5 19. Kf1 Rhb8 20. Bc3 c5 21. Ke2 Nc6 22. Rg1 Rg8 23. Nb3 Ke6 24. Ra2 Be7 25. Rga1 Ra6 26. Kd1 Rga8 27. Kc1 Nd4 28. Nd2 Ne2+ 29. Kb2 b4 0-1

[Event "Djenovici TS12 IM"]
[Site "Djenovici"]
[Date "2018.12.20"]
[Round "6"]
[White "Uysal, Burak"]
[Black "Nikac, Predrag"]
[Result "0-1"]
[WhiteElo "2247"]
[BlackElo "2303"]
[PlyCount "108"]
[EventDate "2018.12.15"]
[EventType "tourn"]
[EventRounds "9"]
[EventCountry "MNE"]
[EventCategory "1"]
[SourceTitle "CBM 187 Extra"]
[Source "ChessBase"]
[SourceDate "2018.11.04"]
[SourceVersion "1"]
[SourceVersionDate "2018.11.04"]
[SourceQuality "1"]

1. e4 c5 2. Nf3 Nc6 3. d4 cxd4 4. Nxd4 e5 5. Nb5 d6 6. c4 a6 7. N5c3 Nf6 8. Bd3 Be7 9. 0-0 0-0 10. b3 Rb8 11. a4 Nd4 12. Ne2 Ne6 13. Nbc3 Nh5 14. Nd5 Bg5 15. Bb2 Nhf4 16. Nexf4 Nxf4 17. Nxf4 Bxf4 18. Be2 Re8 19. g3 Bg5 20. Ba3 Bh3 21. Re1 Re6 22. Qd3 Qb6 23. Rad1 Be7 24. Bc1 Qc6 25. Qd5 Bf8 26. Rd3 Qc8 27. Kh1 Rf6 28. f3 Bd7 29. Qa5 Bc6 30. Qd2 Rg6 31. g4 h5 32. h3 Be7 33. Qd1 hxg4 34. hxg4 Qe6 35. Rg1 b5 36. cxb5 axb5 37. a5 Rd8 38. Rd5 Bg5 39. Ba3 Bxd5 40. Qxd5 Rh6+ 41. Kg2 Qf6 42. Qd1 Qf4 43. Rh1 Rxh1 44. Qxh1 Qe3 45. Qd1 Bh4 46. Bf1 Rc8 47. Kh1 Bg3 48. Bg2 Bf2 49. Bh3 Rc2 50. a6 Rd2 51. Qf1 Qxf3+ 52. Bg2 Qxg4 53. Bh3 Qxe4+ 54. Bg2 Qh4+ 0-1

[Event "Djenovici TS12 IM"]
[Site "Djenovici"]
[Date "2018.12.17"]
[Round "4"]
[White "Uysal, Burak"]
[Black "Martynyuk, Elizaveta"]
[Result "0-1"]
[WhiteElo "2247"]
[BlackElo "2128"]
[PlyCount "108"]
[EventDate "2018.12.15"]
[EventType "tourn"]
[EventRounds "9"]
[EventCountry "MNE"]
[EventCategory "1"]
[SourceTitle "CBM 187 Extra"]
[Source "ChessBase"]
[SourceDate "2018.11.04"]
[SourceVersion "1"]
[SourceVersionDate "2018.11.04"]
[SourceQuality "1"]

1. e4 c5 2. Nf3 Nc6 3. d4 cxd4 4. Nxd4 g6 5. c4 Nf6 6. Nc3 Nxd4 7. Qxd4 d6 8. Bg5 Bg7 9. Qd2 0-0 10. Bd3 a5 11. 0-0 a4 12. Rab1 Qa5 13. Rfe1 Be6 14. Nd5 Bxd5 15. Qxa5 Rxa5 16. cxd5 Rc8 17. Bd2 Raa8 18. Bb5 a3 19. bxa3 Rxa3 20. Rec1 Rxc1+ 21. Rxc1 h5 22. f3 Rxa2 23. Be3 Rb2 24. Bf1 Kh7 25. Bd4 Rb3 26. Bc3 b5 27. Be2 Bh6 28. Rc2 Be3+ 29. Kf1 Rb1+ 30. Be1 Nd7 31. Bd3 Ne5 32. Rc3 Nxd3 33. Rxd3 Bc5 34. Ke2 b4 35. Rd1 Rb3 36. Rd3 Ra3 37. Rxa3 bxa3 38. Kd3 g5 39. Kc4 Kg6 40. g4 hxg4 41. fxg4 Be3 42. Kb3 Bc1 43. Ba5 Bb2 44. Bd8 Kf6 45. Kc2 Be5 46. Kb3 Bxh2 47. Kxa3 Bf4 48. Kb3 Ke5 49. Bxe7 Kxe4 50. Kc4 f5 51. gxf5 Kxf5 52. Bd8 Ke4 53. Bb6 g4 54. Ba7 g3 0-1

[Event "Belgrade Trophy 32nd"]
[Site "Belgrade"]
[Date "2018.11.30"]
[Round "7"]
[White "Uysal, Burak"]
[Black "Olcum, Ahmet"]
[Result "1-0"]
[WhiteElo "2215"]
[BlackElo "2326"]
[PlyCount "185"]
[EventDate "2018.11.24"]
[EventType "swiss"]
[EventRounds "9"]
[EventCountry "SRB"]
[SourceTitle "CBM 187 Extra"]
[Source "ChessBase"]
[SourceDate "2018.11.04"]
[SourceVersion "1"]
[SourceVersionDate "2018.11.04"]
[SourceQuality "1"]

1. e4 g6 2. d4 Bg7 3. Nf3 c6 4. h3 d6 5. Bc4 d5 6. exd5 cxd5 7. Bd3 Nc6 8. c3 Qc7 9. 0-0 Nf6 10. Re1 0-0 11. Nbd2 Bf5 12. Bf1 Rad8 13. Nb3 Ne4 14. Nh4 Bc8 15. Nd2 f5 16. Nhf3 Kh8 17. Bb5 h6 18. Bxc6 bxc6 19. Ne5 Bxe5 20. dxe5 f4 21. Qe2 g5 22. Nxe4 dxe4 23. e6 e3 24. Qf3 exf2+ 25. Qxf2 Rd3 26. Be3 c5 27. Bxc5 f3 28. Bd4+ Kg8 29. Re5 Bb7 30. Rf1 Rf4 31. g3 Re4 32. Re1 Rxe1+ 33. Qxe1 f2+ 34. Qxf2 Rf3 35. Qc2 Rxg3+ 36. Kf1 Ba6+ 37. Kf2 Rd3 38. Qa4 Qc8 39. Rf5 Qb8 40. Re5 Qf8+ 41. Ke1 Bb7 42. Qb5 Rxh3 43. Qxb7 Qf4 44. Qa8+ Kh7 45. Qe4+ Qxe4+ 46. Rxe4 Rh1+ 47. Kd2 h5 48. c4 h4 49. Bf6 Kg6 50. Bxe7 h3 51. Bd6 h2 52. Bxh2 Rxh2+ 53. Re2 Rh8 54. Ke3 Kf6 55. Kf3 Ke7 56. Kg4 Rh4+ 57. Kxg5 Rxc4 58. Kf5 Rc5+ 59. Kf4 Rc6 60. Kf3 a5 61. b3 a4 62. Re4 axb3 63. axb3 Rb6 64. Re3 Rb4 65. Ke2 Rd4 66. Rd3 Re4+ 67. Re3 Rd4 68. Rd3 Re4+ 69. Kd2 Kxe6 70. Kc3 Re5 71. Kb4 Re4+ 72. Ka5 Re1 73. b4 Rb1 74. b5 Ra1+ 75. Kb6 Ke7 76. Kb7 Rb1 77. b6 Rb2 78. Rd1 Rb3 79. Rd5 Ke6 80. Rd4 Ke5 81. Rd8 Ke6 82. Rd2 Rb1 83. Kc7 Rc1+ 84. Kb8 Rb1 85. Ka7 Ra1+ 86. Kb8 Rb1 87. b7 Ra1 88. Rd4 Ke5 89. Rc4 Kd5 90. Rc2 Rh1 91. Kc7 Rh7+ 92. Kb6 Rh6+ 93. Ka7 1-0

[Event "Novi Sad-Turkey"]
[Site "Novi Sad"]
[Date "2018.11.22"]
[Round "8"]
[White "Somborski, Nebojsa"]
[Black "Uysal, Burak"]
[Result "0-1"]
[WhiteElo "2312"]
[BlackElo "2215"]
[PlyCount "74"]
[EventDate "2018.11.17"]
[EventType "schev"]
[EventRounds "10"]
[EventCountry "SRB"]
[SourceTitle "CBM 187 Extra"]
[Source "ChessBase"]
[SourceDate "2018.11.04"]
[SourceVersion "1"]
[SourceVersionDate "2018.11.04"]
[SourceQuality "1"]

1. e4 e5 2. Nf3 Nc6 3. Bb5 a6 4. Ba4 Nf6 5. 0-0 Be7 6. Re1 b5 7. Bb3 d6 8. c3 0-0 9. h3 Nb8 10. d4 Nbd7 11. Nbd2 Bb7 12. Bc2 Re8 13. Nf1 Bf8 14. Ng3 g6 15. a4 c5 16. d5 c4 17. Bg5 Nc5 18. Qd2 Be7 19. Ra3 Nfd7 20. Be3 Qc7 21. Rea1 Nb6 22. axb5 axb5 23. Nh2 h5 24. Rxa8 Rxa8 25. Qd1 Rxa1 26. Qxa1 Nba4 27. Nhf1 Qd8 28. Nd2 Bg5 29. Bxg5 Qxg5 30. Nxc4 bxc4 31. Bxa4 h4 32. Nf1 Bc8 33. Bc2 Bxh3 34. Ne3 Bxg2 35. Nxg2 h3 36. Qf1 Nd3 37. b4 Nf4 0-1

[Event "Novi Sad-Turkey"]
[Site "Novi Sad"]
[Date "2018.11.19"]
[Round "4"]
[White "Savanovic, Vuk"]
[Black "Uysal, Burak"]
[Result "1-0"]
[WhiteElo "2272"]
[BlackElo "2215"]
[PlyCount "111"]
[EventDate "2018.11.17"]
[EventType "schev"]
[EventRounds "10"]
[EventCountry "SRB"]
[SourceTitle "CBM 187 Extra"]
[Source "ChessBase"]
[SourceDate "2018.11.04"]
[SourceVersion "1"]
[SourceVersionDate "2018.11.04"]
[SourceQuality "1"]

1. e4 e5 2. Nf3 Nc6 3. Bc4 Bc5 4. c3 Nf6 5. d3 0-0 6. 0-0 d5 7. exd5 Nxd5 8. Re1 Bg4 9. h3 Bh5 10. Nbd2 Nb6 11. Bb5 Bd6 12. Ne4 f5 13. Ng3 Bxf3 14. Qxf3 Qd7 15. Bxc6 bxc6 16. Nf1 Nd5 17. Ne3 e4 18. dxe4 fxe4 19. Qxe4 Rae8 20. Qc4 Rf4 21. Qf1 Rfe4 22. Nc2 Qf5 23. Rxe4 Qxe4 24. Nd4 Bc5 25. Bd2 Bxd4 26. Re1 Be3 27. Bxe3 Nf4 28. Rd1 Nd5 29. Bxa7 Qa4 30. Bd4 Qxa2 31. Re1 Qa8 32. Rxe8+ Qxe8 33. Qd3 h6 34. Qg3 Qf7 35. Be5 Kh7 36. c4 Nf6 37. Qd3+ Kg8 38. Qd8+ Ne8 39. Bxc7 Kh7 40. Qd3+ Kg8 41. Be5 Qe6 42. f4 Kf7 43. b3 Qe7 44. b4 Qxb4 45. Qd7+ Qe7 46. Qxc6 h5 47. Qd5+ Kg6 48. c5 h4 49. c6 Kh7 50. Qe4+ Kg8 51. Qc4+ Kh7 52. c7 Qa3 53. Qe4+ Kh6 54. c8Q Qg3 55. Qe6+ Nf6 56. Bxf6 1-0

[Event "Novi Sad-Turkey"]
[Site "Novi Sad"]
[Date "2018.11.18"]
[Round "2"]
[White "Dragojlovic, Andjelko"]
[Black "Uysal, Burak"]
[Result "0-1"]
[WhiteElo "2288"]
[BlackElo "2215"]
[PlyCount "118"]
[EventDate "2018.11.17"]
[EventType "schev"]
[EventRounds "10"]
[EventCountry "SRB"]
[SourceTitle "CBM 187 Extra"]
[Source "ChessBase"]
[SourceDate "2018.11.04"]
[SourceVersion "1"]
[SourceVersionDate "2018.11.04"]
[SourceQuality "1"]

1. g3 e5 2. c4 c6 3. d4 e4 4. Nc3 d5 5. Bg2 Nf6 6. Bg5 Nbd7 7. cxd5 cxd5 8. Qa4 Qb6 9. Qc2 Qxd4 10. Rd1 Qc4 11. e3 Bb4 12. Nge2 0-0 13. 0-0 h6 14. Rd4 Qc5 15. Bxf6 Nxf6 16. Qb3 Bxc3 17. Nxc3 Be6 18. Rfd1 Rab8 19. a4 a6 20. h3 b5 21. axb5 axb5 22. Qb4 Rfc8 23. Bf1 Qb6 24. R4d2 Rc5 25. Qd4 Qd6 26. Qb4 h5 27. Ra1 h4 28. gxh4 Nd7 29. Qa5 Qe5 30. Ne2 Qf6 31. Nf4 Ne5 32. Bg2 Qxh4 33. Qa7 Rbc8 34. Rad1 Kh7 35. b4 Rc4 36. Qa1 Nf3+ 37. Bxf3 exf3 38. Qe5 Re4 39. Qh5+ Qxh5 40. Nxh5 Rxb4 41. Nf4 Rbc4 42. Nxd5 Bxh3 43. Nb6 Rh4 44. Kh2 Be6+ 45. Kg3 Rh3+ 46. Kf4 Rc5 47. e4 g5+ 48. Ke3 Kg6 49. Nd5 Rh4 50. Rd4 Kg7 51. R1d2 f5 52. Kxf3 Rxe4 53. Ne3 Rxd4 54. Rxd4 f4 55. Nf1 Kf6 56. Nd2 Rd5 57. Ne4+ Ke5 58. Rb4 g4+ 59. Ke2 Rd4 0-1

[Event "TUR-chT"]
[Site "Ankara"]
[Date "2018.08.05"]
[Round "13.3"]
[White "Uysal, Burak"]
[Black "Ozoglu, Berker"]
[Result "1-0"]
[WhiteElo "2185"]
[BlackElo "1843"]
[PlyCount "139"]
[EventDate "2018.07.25"]
[EventType "team-tourn"]
[EventRounds "13"]
[EventCountry "TUR"]
[SourceTitle "CBM 185 Extra"]
[Source "ChessBase"]
[SourceDate "2018.07.29"]
[SourceVersion "1"]
[SourceVersionDate "2018.07.29"]
[SourceQuality "1"]
[WhiteTeam "Tarsus Zeka"]
[BlackTeam "Gokceada Spor"]
[WhiteTeamCountry "TUR"]
[BlackTeamCountry "TUR"]

1. e4 d6 2. d4 g6 3. Bc4 Bg7 4. Nf3 Nf6 5. Qe2 0-0 6. e5 Ne8 7. 0-0 c5 8. dxc5 dxe5 9. Nxe5 Qd4 10. Nf3 Qxc5 11. h3 Nc6 12. Nc3 Nd6 13. Bb3 Nf5 14. Qb5 Qxb5 15. Nxb5 Bd7 16. g4 a6 17. Nc7 Rac8 18. Nd5 Nfd4 19. Nxd4 Bxd4 20. Rd1 Be6 21. Nxe7+ Nxe7 22. Rxd4 Bxb3 23. cxb3 Nc6 24. Rd7 Rfd8 25. Rxd8+ Rxd8 26. Bf4 f5 27. Re1 fxg4 28. hxg4 Rd4 29. Bg3 Rxg4 30. Re8+ Kf7 31. Rc8 Re4 32. Bd6 Ke6 33. Bc5 Kd5 34. Bf8 Rf4 35. Bh6 Rf7 36. Be3 Ke4 37. b4 Kd3 38. Bc5 Kc4 39. Bf8 Kb5 40. a3 Ka4 41. Bc5 Kb3 42. Kg2 Kxb2 43. a4 Nxb4 44. Bxb4 Kb3 45. Bd2 Kxa4 46. Rc4+ Kb5 47. Rb4+ Kc5 48. Ra4 Rd7 49. Ra2 Kc4 50. Be3 Rd6 51. Rc2+ Kb3 52. Rc7 b5 53. Rxh7 a5 54. Rb7 Rd5 55. Kf3 a4 56. Ke4 Rh5 57. Bd4 a3 58. Ra7 b4 59. Bf6 Ka2 60. Ra4 Kb3 61. Ra6 Rb5 62. Kd3 Rb7 63. Bd4 g5 64. Ra5 g4 65. Rg5 Rd7 66. Rxg4 Ka2 67. Rg1 Rxd4+ 68. Kxd4 b3 69. Kc3 b2 70. Kb4 1-0

[Event "Paracin Summer op-A 11th"]
[Site "Paracin"]
[Date "2018.07.10"]
[Round "6"]
[White "Uysal, Burak"]
[Black "Harshini, A."]
[Result "1-0"]
[WhiteElo "2185"]
[BlackElo "2037"]
[PlyCount "97"]
[EventDate "2018.07.06"]
[EventType "swiss"]
[EventRounds "9"]
[EventCountry "SRB"]
[SourceTitle "EXT 2019"]
[Source "ChessBase"]
[SourceDate "2018.10.10"]
[SourceVersion "1"]
[SourceVersionDate "2018.10.10"]
[SourceQuality "1"]

1. e4 e5 2. Nf3 Nc6 3. Bb5 a6 4. Ba4 Nge7 5. 0-0 g6 6. c3 Bg7 7. d4 exd4 8. cxd4 b5 9. Bb3 0-0 10. Nc3 d6 11. h3 h6 12. a4 b4 13. Nd5 a5 14. Ne3 Kh7 15. d5 Ne5 16. Nxe5 dxe5 17. Nc4 f5 18. f3 Ba6 19. Be3 Nc8 20. Rf2 Bxc4 21. Bxc4 Nd6 22. Bd3 Qh4 23. Qc2 Qg3 24. Re2 Rf7 25. Qd2 Qh4 26. Qe1 Qe7 27. Rc1 Qd7 28. b3 Raf8 29. Rc5 fxe4 30. fxe4 Nb7 31. Rc6 Nd8 32. Ra6 c6 33. Bc4 Rf6 34. Ra7 Qd6 35. Rxa5 R8f7 36. Rd2 Qb8 37. Rf2 Rxf2 38. Bxf2 Rf4 39. Ra7 Kh8 40. Kh1 Bf6 41. Qe3 Bg5 42. Qb6 Qxb6 43. Bxb6 cxd5 44. Bxd5 h5 45. Bc7 Rf1+ 46. Kh2 Nf7 47. Bxf7 Be3 48. Bxe5+ Kh7 49. Bc4+ 1-0

[Event "Paracin Summer op-A 11th"]
[Site "Paracin"]
[Date "2018.07.07"]
[Round "2"]
[White "Vlassis, Georgios"]
[Black "Uysal, Burak"]
[Result "1-0"]
[WhiteElo "2005"]
[BlackElo "2185"]
[PlyCount "153"]
[EventDate "2018.07.06"]
[EventType "swiss"]
[EventRounds "9"]
[EventCountry "SRB"]
[SourceTitle "CBM 185 Extra"]
[Source "ChessBase"]
[SourceDate "2018.07.29"]
[SourceVersion "1"]
[SourceVersionDate "2018.07.29"]
[SourceQuality "1"]

1. Nf3 d5 2. b3 Bg4 3. Bb2 Nd7 4. c4 e6 5. cxd5 exd5 6. e3 Ngf6 7. Be2 Bd6 8. h3 Bh5 9. 0-0 c6 10. Ba3 Bxa3 11. Nxa3 0-0 12. Qc2 Ne5 13. Nxe5 Bxe2 14. Rfe1 Bh5 15. d4 Ne4 16. Nb1 Qh4 17. Nc3 f6 18. Nd3 g5 19. Nxe4 Qxe4 20. Rac1 Bg6 21. Red1 Qh4 22. Qd2 Rf7 23. b4 h5 24. Qe1 Qe4 25. Nc5 Qe7 26. a4 a6 27. a5 Kg7 28. Qd2 Re8 29. Rf1 g4 30. h4 Be4 31. Nxe4 Qxe4 32. g3 Rfe7 33. Rc3 f5 34. Qc2 Qe6 35. Qc1 Qd6 36. Rb3 Re4 37. Qd2 Qf6 38. Rd3 Qe7 39. Rb3 Kg6 40. Rd3 f4 41. exf4 Re1 42. Rxe1 Qxe1+ 43. Qxe1 Rxe1+ 44. Kg2 Rb1 45. Re3 Rxb4 46. Re7 Rb5 47. Kf1 Rxa5 48. Rxb7 Rb5 49. Ra7 Rb6 50. Ke2 Kf5 51. Re7 Rb2+ 52. Ke3 Rb3+ 53. Ke2 Rb4 54. Re5+ Kg6 55. Re6+ Kf5 56. Re5+ Kf6 57. Rxh5 Rxd4 58. Rh6+ Kg7 59. Rxc6 Ra4 60. Rd6 Ra2+ 61. Ke3 Ra3+ 62. Kd4 Ra2 63. Rxd5 Rxf2 64. Rg5+ Kh6 65. Rxg4 a5 66. Rg5 a4 67. Ke3 Rb2 68. Kf3 a3 69. Ra5 a2 70. Kg4 Rf2 71. Ra6+ Kg7 72. Kg5 Rb2 73. Ra7+ Kg8 74. g4 Rc2 75. f5 Rb2 76. Kg6 Kf8 77. f6 1-0